| 000 | 00667nam a2200205 a 4500 | ||
|---|---|---|---|
| 005 | 20221108063508.0 | ||
| 008 | 060602s2003 mx r 000 0 spa d | ||
| 020 | _a9707290196 | ||
| 035 | _aUPN01000145097 | ||
| 049 | _aCG | ||
| 050 | 4 |
_aRC480.55 _bC6.6 |
|
| 100 | 1 | _aCoren, Alex | |
| 245 | 1 | 0 |
_aPsicoterapia a corto plazo : _bun enfoque psicodinámico / _cAlex Coren ; tr. Mario Einar Padilla Benítez. |
| 260 |
_aMéxico : _bEl manual moderno, _c2003. |
||
| 300 | _a194 p. | ||
| 534 |
_pTítulo original: _tShort-term psychotherapy : a psychodynamic approach |
||
| 650 | 2 |
_aPsicoterapia breve _923853 |
|
| 650 | 4 | _aPSICOTERAPIA PSICODINAMICA | |
| 905 | _aLibro | ||
| 999 |
_c117244 _d117244 |
||